00301nam a2200133Ia 45000030006000000080041000060400015000471000017000622450040000792500010001192600009001295460012001380050017001500STCL150530s9999 xx 000 0 und d aSTCLcSTCL aWilsen, R.M. aLost literature of medieval England aFirst c1952 aEnglish20220125170833.0